Skład reprezentacji Polski w siatkówce na MŚ 2014 - Statystyki

Ogólne statystyki
  • Ten quiz został rozwiązany 305 razy
  • Średni wynik to 10 z 14
Statystyki odpowiedzi
Numer Imię i nazwisko Wzrost Klub Pozycja % Poprawnych
17 Paweł Zatorski 184 cm ZAKSA Kędzierzyn-Koźle Libero
93%
13 Michał Kubiak 191 cm Halkbank Ankara Przyjmujący
91%
10 Mariusz Wlazły 194 cm Skra Bełchatów Atakujący
90%
11 Fabian Drzyzga 196 cm Resovia Rozgrywający
88%
5 Paweł Zagumny 200 cm ZAKSA Kędzierzyn-Koźle Rozgrywający
81%
1 Piotr Nowakowski 205 cm Resovia Środkowy
81%
7 Karol Kłos 201 cm Skra Bełchatów Środkowy
80%
2 Michał Winiarski 200 cm Skra Bełchatów Przyjmujący
79%
18 Marcin Możdżonek 211 cm ZAKSA Kędzierzyn-Koźle Środkowy
72%
16 Krzysztof Ignaczak 188 cm Resovia Libero
70%
20 Mateusz Mika 206 cm Trefl Gdańsk Przyjmujący
67%
3 Dawid Konarski 198 cm Resovia Atakujący
62%
8 Andrzej Wrona 205 cm Skra Bełchatów Środkowy
56%
21 Rafał Buszek 194 cm Resovia Przyjmujący
37%
Nie znaleziono quizów pasujących do podanych kryteriów
Rozkład punktacji
Procent ludzi z każdym wynikiem
Percentyl według liczby udzielonych odpowiedzi
Twoja historia wyników
Nie rozwiązałeś tego quizu